مجموع المتون لطالب علم الفنون

Bibliographic Details
Main Authors: وقيت، سيف الطلال (Author), علوان، سليمان بن ناصر (Author)
Format: Book
Published: Riyad : Dar al-Samay'i , 1996
Subjects:

MARC

LEADER 00000cam a2200000 7i4500
001 0000033113
005 20170601093000.0
090 0 0 |a BP135.8.E3   |b W36 1996 
100 0 |a وقيت، سيف الطلال ,   |e author 
245 1 0 |a مجموع المتون لطالب علم الفنون   |c جمع وترتيب سيف الطلال الوقيت وتقديم سليمان بن ناصر العلوان 
260 2 |a Riyad :   |b Dar al-Samay'i ,   |c 1996 
300 |a 378 p. ;   |c 24 cm. 
504 |a Includes index 
650 0 |a Education   |x Religious aspects   |x Islam 
650 0 |a Islamic education 
650 0 |a Knowledge, Theory of (Islam) 
700 1 |a علوان، سليمان بن ناصر ,   |e author 
745 0 0 |a Majmu` al-matun li-talib `ilm al-funun 
999 |a 1000065797   |b Book   |c OPEN SHELF (30 DAYS)   |e Gong Badak Campus